000 00596nam a2200157 4500
008 040410s1984 -ch chi
090 _aQ121
_bC44
100 1 _a蘇侃 Su, Kanh
245 1 0 _a輪的世界 The world of wheels /
_cKanh Su.
260 _aTaipei:
_b圖文出版社 Tu-Wen Publishing,
_c1984.
300 _a30 p. :
_billus., hard-cover
490 1 _a中國孩子的科學圖書館 Chinese Children Science Library Series
_v26.
650 4 _aScience
_xEncyclopedias
_xJuvenile {ch}.
650 4 _aWheels {ch}
951 _pC-5062
_x00028336
_oQ121/C44-26
_j070613111356125
_d2000-12-21
_cREF-CH
999 _c20023
_d20023